000 00540 a2200193 4500
005 20240502165916.0
010 _aB-758849
020 _a9788175347144
_c170.00
035 _aB-758849
037 _bGift/Unesco
082 _a342.54
100 _aBakshi, P.M.
_965525
245 _aThe Constitution of India/
_bP.M. Bakshi
260 _aDelhi
_bUniversal
_c2009
270 _aDelhi
300 _a438 p.;
_c24cm. (pb)
942 _adpl
_cEN
_2ddc
_h342.54
_mBAK
999 _c202590
_d202590